000 00358 a2200169 4500
001 189593
020 _a978-85-250-4369-6
040 _cMagnum
100 _aLobato, Monteiro
240 1 0 _aViagem ao céu
_lpor
245 1 0 _aViagem ao céu
300 _a111
362 0 _a2007
440 1 _aGlobo
697 _aLITERATURA INFANTO-JUVENIL
942 _cBK
999 _c189593
_d189593